Characteristics of protin-storing cells associated with a 67 kDa protein in Hevea brasiliensis (Record no. 55395)

MARC details
000 -LEADER
fixed length control field 00487nam a2200169Ia 4500
100 ## - MAIN ENTRY--AUTHOR NAME
Personal name WeiMin T
245 #0 - TITLE STATEMENT
Title Characteristics of protin-storing cells associated with a 67 kDa protein in Hevea brasiliensis
260 ## - PUBLICATION, DISTRIBUTION, ETC. (IMPRINT)
Name of publisher Trees: Structure and Function
Year of publication 1998
300 ## - PHYSICAL DESCRIPTION
Number of Pages 153-159
650 ## - SUBJECT ADDED ENTRY--TOPICAL TERM
Topical Term Hevea brasiliensis
650 ## - SUBJECT ADDED ENTRY--TOPICAL TERM
Topical Term Protein-storing cell
700 ## - ADDED ENTRY--PERSONAL NAME
Personal name BingZhong H
700 ## - ADDED ENTRY--PERSONAL NAME
Personal name JiLin W
700 ## - ADDED ENTRY--PERSONAL NAME
Personal name YaQin H
942 ## - ADDED ENTRY ELEMENTS (KOHA)
Koha item type Journals
Holdings
Withdrawn status Lost status Damaged status Not for loan Home library Current library Shelving location Date acquired Serial Enumeration / chronology Koha item type
      Journals RRII Library RRII Library Physiology 17/12/2021 Volume 12, Issue 3 Journals